El método de los elementos finitos : un enfoque teórico práctico (Registro nro. 792003)

Detalles MARC
001 - NÚMERO DE CONTROL
campo de control 1504020
005 - FECHA Y HORA DE LA ÚLTIMA TRANSACCIÓN
campo de control 20260508093226.0
008 - DATOS DE LONGITUD FIJA--INFORMACIÓN GENERAL
campo de control de longitud fija 180831s2016 spa
020 ## - NÚMERO INTERNACIONAL ESTÁNDAR DEL LIBRO
Número Internacional Estándar del Libro 9789587758177
035 ## - NÚMERO DE CONTROL DEL SISTEMA
Número de control de sistema 1504020
040 ## - FUENTE DE LA CATALOGACIÓN
Centro/agencia transcriptor comduadb
041 ## - CÓDIGO DE LENGUA
Código de lengua del texto/banda sonora o título independiente spa
082 #4 - NÚMERO DE LA CLASIFICACIÓN DECIMAL DEWEY
Número de clasificación 515
100 10 - ENTRADA PRINCIPAL--NOMBRE DE PERSONA
Nombre de persona Galeano Urueña, Carlos Humberto
Código de función aut
Término indicativo de función/relación Autor/a
9 (RLIN) 460444
245 13 - MENCIÓN DE TÍTULO
Título El método de los elementos finitos : un enfoque teórico práctico
250 ## - MENCIÓN DE EDICIÓN
Mención de edición 1. edición
260 ## - PUBLICACIÓN, DISTRIBUCIÓN, ETC.
Lugar de publicación, distribución, etc. Bogotá :
Nombre del editor, distribuidor, etc. Universidad Nacional de Colombia,
Fecha de publicación, distribución, etc. 2016.
300 ## - DESCRIPCIÓN FÍSICA
Extensión 307 páginas :
Otras características físicas ilustraciones algunas a color.
490 0# - MENCIÓN DE SERIE
Mención de serie Notas de clase yu Takeuchi
650 ## - PUNTO DE ACCESO ADICIONAL DE MATERIA--TÉRMINO DE MATERIA
Término de materia o nombre geográfico como elemento de entrada Método de elementos finitos
9 (RLIN) 32147
650 ## - PUNTO DE ACCESO ADICIONAL DE MATERIA--TÉRMINO DE MATERIA
Término de materia o nombre geográfico como elemento de entrada Ecuaciones diferenciales parciales
9 (RLIN) 1972
650 ## - PUNTO DE ACCESO ADICIONAL DE MATERIA--TÉRMINO DE MATERIA
Término de materia o nombre geográfico como elemento de entrada Problemas y ejercicios
9 (RLIN) 200081
650 #7 - PUNTO DE ACCESO ADICIONAL DE MATERIA--TÉRMINO DE MATERIA
Término de materia o nombre geográfico como elemento de entrada Análisis numérico
Fuente del encabezamiento o término lemb
9 (RLIN) 32679
650 #7 - PUNTO DE ACCESO ADICIONAL DE MATERIA--TÉRMINO DE MATERIA
Término de materia o nombre geográfico como elemento de entrada Matemáticas para ingenieros
Fuente del encabezamiento o término lemb
9 (RLIN) 42531
650 ## - PUNTO DE ACCESO ADICIONAL DE MATERIA--TÉRMINO DE MATERIA
Término de materia o nombre geográfico como elemento de entrada Métodos de simulación
9 (RLIN) 2732
650 ## - PUNTO DE ACCESO ADICIONAL DE MATERIA--TÉRMINO DE MATERIA
Término de materia o nombre geográfico como elemento de entrada Método de Galerkin
9 (RLIN) 111739
700 10 - ENTRADA AGREGADA--NOMBRE PERSONAL
Nombre de persona Mantilla González, Juan Miguel
Código de función aut
Término indicativo de función/relación Autor/a
9 (RLIN) 451469
700 10 - ENTRADA AGREGADA--NOMBRE PERSONAL
Nombre de persona Galvis Arrieta, Juan Carlos
Código de función aut
Término indicativo de función/relación Autor/a
9 (RLIN) 775542
942 ## - ELEMENTOS DE ENTRADA AGREGADA (KOHA)
Tipo de ítem Koha Libros
Existencias
Estado de retiro Estado de pérdida Estado dañado No para préstamo Código de colección Localización permanente Ubicación/localización actual Fecha de adquisición Fuente de adquisición Coste, precio normal de compra Número de inventario Total de préstamos Renovaciones totales Signatura topográfica completa Código de barras Fecha visto por última vez Fecha del último préstamo Número de copia Precio válido a partir de Tipo de ítem Koha
        Colección General Piso 2 Biblioteca Carlos Gaviria Díaz, Campus Medellín Biblioteca Carlos Gaviria Díaz, Campus Medellín 31/08/2018 Librería Universidad de Antioquia 48750.00 C1293605 3 2 515.35 G152 01047281 25/08/2025 10/06/2025 1 04/05/2023 Libros